| 000 | 00397nam a2200133 4500 | ||
|---|---|---|---|
| 020 | _qPB. | ||
| 040 | _cFIZZA ISHAQ | ||
| 082 |
_a709.04 _bJUL |
||
| 100 |
_aJullian , Philippe. _9133766 |
||
| 245 |
_aDreamers of Decadence: Symbolist Painters of the 1890s / _cPhilippe Jullian. |
||
| 260 |
_aNew York: _bHenry Holt & Company, Inc, _c1975. |
||
| 300 |
_a272 P. ; _c9.5 X 6.7 inches |
||
| 942 |
_2ddc _cBK |
||
| 999 |
_c616727 _d616727 |
||